000 00937nam a2200265Ia 4500
003 OSt
005 20220930092739.0
006 a|||||r|||| 00| 0
007 ta
008 220926b |||||||| |||| 00| 0 eng d
024 _a24274
037 _cTheses
040 _aCRL
_cCRL
_beng
041 _2eng
_aeng
100 _aPippal Hemant Kumar
_9549620
110 _aUniversity OF Delhi. Faculty OF Medical Sciences. Department OF Orthopaedics
_9519703
245 0 _aProspective comparative study of three treatment modalities for idiopathic adhesive capsulitis of shoulder
260 _c2015
650 _aORTHOPEDICS
_9519704
700 _a Dr. Manoj Kumar Gu.
_9532683
700 _a Dr. Vinod Kumar Gu.
_9533879
700 _aUniversity OF Delhi. Faculty OF Medical Sciences. Department OF Orthopaedics
_9519706
942 _cDIS
_2CC
999 _c884235
_d884235